|
|
|
|
| LEADER |
00790nam a22002417a 4500 |
| 001 |
AAL2705 |
| 003 |
BD-DhAAL |
| 005 |
20160116140838.0 |
| 008 |
160116s 1997ii ||||| |||| 00| 0 eng d |
| 020 |
|
|
|a 8175540702
|
| 040 |
|
|
|a BD-DhAAL
|c BD-DhAAL
|
| 082 |
|
|
|a 650.14
|
| 100 |
|
|
|a Lines, June
|9 17398
|
| 245 |
|
|
|a 30 minutes-- to prepare a job application /
|c June Lines
|
| 260 |
|
|
|a New Delhi :
|b Kogan Page,
|c 1997.
|
| 300 |
|
|
|a 64 p. :
|b ill. ;
|c 18 cm.
|
| 490 |
|
|
|a 30 minute series
|
| 541 |
|
|
|e 2705
|
| 650 |
|
|
|a Applications for positions.
|9 17399
|
| 650 |
|
|
|a Job hunting.
|9 17400
|
| 942 |
|
|
|2 ddc
|c BK
|
| 999 |
|
|
|c 36623
|d 36623
|
| 952 |
|
|
|0 0
|1 0
|2 ddc
|4 0
|6 650_140000000000000_LIN
|7 0
|9 57616
|a SCL
|b SCL
|c GEN
|d 2016-01-16
|l 3
|m 5
|o 650.14 LIN
|p 3020002705
|r 2019-10-13
|s 2019-09-22
|t 1
|w 2016-01-16
|y BK
|